000 00628nam a2200193Ia 4500
001 57026
008 130906n ii |||gr||||Z||||||465
020 _a9780071107976
082 _a910.03
245 0 _aHuman Geography Landscapes of Human Activities
_cJerome D Fellmann , Arthur Getis & Judith Getis
_hTextual Documents
250 _a9th edn.
260 _aBoston , New York:
_bHigher Education .
300 _a553pg:
_bindex etc;Appendices, Glossary ;
_c35 cm.
653 _aGeography
653 _aG-Geography
653 _aHuman Geography
700 _aFellmann ,Jerome D Getis, Arthur & Getis,Judith.
942 _2ddc
_cBK
999 _c56941
_d56941